000 01250nam a22002177a 4500
003 OSt
005 20230710101910.0
008 230705s2016 spa||||| |||| 00| 1 spa d
020 _a9789500437929
040 _bspa
_cbesoc
100 1 _aQuentin, Patrick
_eautor
245 1 0 _aLa sombra de la culpa /
_cPatrick Quentin ; traducción de María Enriqueta Manzanares
250 _a1a ed.
260 _aBuenos Aires :
_bEmecé,
_c2015
300 _a320 p.
490 _aEl séptimo círculo / colección creada por Jorge Luis Borges y Adolfo Bioy Casares
520 _aLos planes de la acaudalada Mrs. Hadley para casar a su sobrino Chuck con Ala, sobrina de su marido, se ven perturbados por Don Saxby, cuya seductora personalidad le permite introducirse en el ambiente familiar. Su brusca aparición y sus ambiciosos fines amenazan cambiar el curso de la vida de todos. Pero súbitamente Don aparece asesinado en su departamento y desde ese momento comienzan a producirse los acontecimientos más inesperados y de las más extrema tensión, que llevan a un dramático final, totalmente sorpresivo [Nota del editor].
650 4 _aLiteratura norteamericana
_vNovelas
_ySiglo XX
700 1 _aManzanares, María Enriqueta
_etraductor
942 _2udc
_cOG
_n0
999 _c27
_d27